Csatáry, Augustín (pôv. Krieger) lekár-internista (29. 12. 1859 Prešov ‒ 16. 12. 1922 tamže)

Bibliographic Details
Format: Article
Language:Slovak
Subjects:

MARC

LEADER 00000naa a2200000uu 4500
001 vtls010871902
003 SK-MaSNL
005 20260302144144.0
008 220808|1986 xo |||||||||||||||||slo|
035 |a (urnnbn)urn:nbn:sk:snk:ar-0094ut 
035 |a (uuid)6643a326-9d10-4b07-a5c3-c52370c6f76c 
035 |a urn:nbn:sk:snk-aaunc1 
040 |a SNKBUCL  |b slo  |c SNKBUCL  |e AACR2 
041 0 |a slo 
044 |a xo  |c SK 
245 0 0 |a Csatáry, Augustín (pôv. Krieger)  |b lekár-internista (29. 12. 1859 Prešov ‒ 16. 12. 1922 tamže) 
600 1 7 |a Csatáry, Augustín,  |d 1859-1922  |2 snkbucl  |9 256291 
655 7 |a biografické heslá  |2 SNKPH  |9 368942 
773 0 |t Slovenský biografický slovník : (od roku 833 do roku 1990). I. zväzok, A - D  |d Martin : Matica slovenská, 1986  |g S. 382 
954 |a odborná, vedecká literatúra pôvodná (slovenská)  |2 lita 
958 |a OND 
958 |a BX 
958 |a article6 
958 |a chapter 
999 |c 1347708  |d 1349638